Záujem o pripravovanú konferenciu Personalistika 1995 prevýšil očakávanie

Anotácie príspevkov pripravených na konferenciu spoločnosti Management Partners, s.r.o. Bratislava a časopisu Trend 15.-16.3.1995 Personalistika 1995. Zameranie: Analýza psychosociálnej klímy a motivácia pracovníkov. Moderné systémy hodnotenia zamestnancov. Efektívnosť manažéra pracujúceho v zahrani...

Descrizione completa

Salvato in:
Dettagli Bibliografici
Autore principale: Matyáš, J.
Natura: Capitolo di libro
Lingua:slovacco
Soggetti:
Tags: Aggiungi Tag
Nessun Tag, puoi essere il primo ad aggiungerne!!

MARC

LEADER 00000naa a2200000 4500
001 r016698
005 20221213101243.8
041 0 |a slo 
044 |a SK 
245 1 0 |a Záujem o pripravovanú konferenciu Personalistika 1995 prevýšil očakávanie  |c J. Matyáš 
520 |a Anotácie príspevkov pripravených na konferenciu spoločnosti Management Partners, s.r.o. Bratislava a časopisu Trend 15.-16.3.1995 Personalistika 1995. Zameranie: Analýza psychosociálnej klímy a motivácia pracovníkov. Moderné systémy hodnotenia zamestnancov. Efektívnosť manažéra pracujúceho v zahraničí. Systémový prístup k riadeniu ľudských zdrojov. Systém budovania podnikovej kariéry. Mzdová politika a transformácia sociálnej sféry. 
610 2 0 |a personalistika 
610 2 0 |a konferencie 
610 2 0 |a 1995 
610 2 0 |a marec 
610 2 0 |a klíma 
610 2 0 |a motivácia 
610 2 0 |a hodnotenie pracovné 
610 2 0 |a manažéri 
610 2 0 |a zdroje ľudské 
610 2 0 |a povyšovanie v zamestnaní 
610 2 0 |a politika mzdová 
610 2 0 |a starostlivosť sociálna 
610 2 0 |a Slovensko 
100 1 |a Matyáš, J.